| 000 -LEADER |
| fixed length control field |
01746cas a2200445 a 4500 |
| 001 - CONTROL NUMBER |
| control field |
11315945 |
| 003 - CONTROL NUMBER IDENTIFIER |
| control field |
NUST-PNEC |
| 005 - DATE AND TIME OF LATEST TRANSACTION |
| control field |
20170116180715.0 |
| 008 - FIXED-LENGTH DATA ELEMENTS--GENERAL INFORMATION |
| fixed length control field |
820731d19631988ncugr 0 a0eng c |
| 015 ## - NATIONAL BIBLIOGRAPHY NUMBER |
| National bibliography number |
013413007 |
| Source |
dnb |
| 016 7# - NATIONAL BIBLIOGRAPHIC AGENCY CONTROL NUMBER |
| Record control number |
596805--7 |
| Source |
DE-600 |
| 016 7# - NATIONAL BIBLIOGRAPHIC AGENCY CONTROL NUMBER |
| Record control number |
010498691 |
| Source |
Uk |
| 016 7# - NATIONAL BIBLIOGRAPHIC AGENCY CONTROL NUMBER |
| Record control number |
013413007 |
| Source |
DE-101 |
| 016 7# - NATIONAL BIBLIOGRAPHIC AGENCY CONTROL NUMBER |
| Record control number |
5968057 |
| Source |
DE-600 |
| 020 ## - INTERNATIONAL STANDARD BOOK NUMBER |
| International Standard Book Number |
0876646976 |
| 035 ## - SYSTEM CONTROL NUMBER |
| System control number |
(OCoLC)ocm08647848 |
| 037 ## - SOURCE OF ACQUISITION |
| Source of stock number/acquisition |
Instrument Society of America, 67 Alexander Drive, P.O. Box 12277, Research Triangle Park, NC 27709 |
| 040 ## - CATALOGING SOURCE |
| Original cataloging agency |
NmU |
| Language of cataloging |
eng |
| Transcribing agency |
PNEC |
| 042 ## - AUTHENTICATION CODE |
| Authentication code |
nsdp |
| -- |
pcc |
| 043 ## - GEOGRAPHIC AREA CODE |
| Geographic area code |
n-us--- |
| 050 00 - LIBRARY OF CONGRESS CALL NUMBER |
| Classification number |
TA165 |
| Item number |
.S78 |
| 082 00 - DEWEY DECIMAL CLASSIFICATION NUMBER |
| Classification number |
621.38154 FER |
| 100 ## - MAIN ENTRY--PERSONAL NAME |
| 9 (RLIN) |
678 |
| Personal name |
Ferson, Lois M. |
| 210 0# - ABBREVIATED TITLE |
| Abbreviated title |
Stand. pract. instrum. |
| 222 #0 - KEY TITLE |
| Key title |
Standards and practices for instrumentation |
| 245 00 - TITLE STATEMENT |
| Title |
Standards and practices for instrumentation / |
| Statement of responsibility, etc. |
Lois M. Ferson |
| 250 ## - EDITION STATEMENT |
| Edition statement |
7th ed. |
| 260 ## - PUBLICATION, DISTRIBUTION, ETC. |
| Place of publication, distribution, etc. |
California |
| Name of publisher, distributor, etc. |
Instrument Society of America |
| Date of publication, distribution, etc. |
1983 |
| 300 ## - PHYSICAL DESCRIPTION |
| Extent |
xi (various pagings). : |
| Other physical details |
ill. ; |
| Dimensions |
28 cm. |
| 500 ## - GENERAL NOTE |
| General note |
http://www.amazon.com/Standards-Practices-Instrumentation-7th-Ed/dp/B001F6OH84/ref=sr_1_2?s=books&ie=UTF8&qid=1413524306&sr=1-2&keywords=0876646976 |
| 580 ## - LINKING ENTRY COMPLEXITY NOTE |
| Linking entry complexity note |
Compilation of individual standards published by the Instrument Society of America. |
| 590 ## - LOCAL NOTE (RLIN) |
| Local note |
SERBIB/SERLOC merged record |
| 650 #0 - SUBJECT ADDED ENTRY--TOPICAL TERM |
| Topical term or geographic name entry element |
Engineering instruments |
| General subdivision |
Standards |
| Geographic subdivision |
United States |
| Form subdivision |
Periodicals. |
| 650 #0 - SUBJECT ADDED ENTRY--TOPICAL TERM |
| Topical term or geographic name entry element |
Engineering instruments |
| General subdivision |
EL |
| 710 2# - ADDED ENTRY--CORPORATE NAME |
| Corporate name or jurisdiction name as entry element |
Instrument Society of America. |
| 785 00 - SUCCEEDING ENTRY |
| Title |
Standards and recommended practices for instrumentation and control |
| International Standard Serial Number |
1042-6019 |
| Record control number |
(DLC) 89657718 |
| -- |
(OCoLC)19090333 |
| 906 ## - LOCAL DATA ELEMENT F, LDF (RLIN) |
| a |
7 |
| b |
cbc |
| c |
serials |
| d |
2 |
| e |
ncip |
| f |
19 |
| g |
n-oclcserc |
| 942 ## - ADDED ENTRY ELEMENTS (KOHA) |
| Source of classification or shelving scheme |
|
| Koha item type |
Book |